Quizzes
Events
Quiz Creation
Community
Videos
Private Events
Remove Ads
Sign In
Join for FREE
Feedback
Dark Mode
Quiz Categories
Sports
Geography
Music
Movies
Television
Just For Fun
Miscellaneous
History
Literature
Language
Science
Gaming
Entertainment
Religion
Holiday
For Kids
Quiz Lab
Recent
Popular Today
Quiz Kudos Today
Editor Picks
Curator Picks
Quizzes by...
Day
Popularity
Type
Ratings
Length
Year
Community
Subscriptions
Recent Discussions
Orange Saloon
Badges
Playlists
Quests
Create
Leaderboards
Showdown
Live 5
Trivia Bingo
Activity
Puzzle Library
Sporcle Events
Private Events
Virtual Trivia
Globe League
Become a Host
Pub Owners
SporcleCon
Opinionation
Our Games
Videos
Blog
Mobile Apps
Partnerships
Remove Ads and Go Orange
Feedback
Television
TV Characters
TV Show
Sitcom
Network
Friends
Reality Shows
Cast
South Park
Star Trek
The Simpsons
Doctor Who
Television
TV Characters
TV Show
Sitcom
Network
Friends
Reality Shows
Cast
South Park
Star Trek
The Simpsons
Doctor Who
Random Quiz
Search Sporcle
×
Quiz Lab
Quiz Lab
Television
Nickelodeon
Type in answers that appear in a list
Type in answers that appear in a list
Classic
Best Score? Go Orange.
Victorious Songs Stats
Can you name the songs from VICTORiOUS?
By
DDK
5m
15 Questions
1,477 Plays
1,477 Plays
1,477 Plays
Comments
Comments
Give Quiz Kudos
Give Quiz Kudos
-
- Ratings
hide this ad
Replay
Link that replays current quiz
Next Quiz
Link to next quiz in quiz playlist
You Got
0%
They Got
Avg Score
47%
Avg Friend Score
Upgrade to see
Score Distribution
Jump to the score distribution portion of the page
Score
0/15
Timer
05:00
0
Plays Today
Singer
Song
% Correct
Tori Vega
Make It Shine
91.7%
Tori Vega
Freak the Freak Out
68%
Tori Vega/
Beck Oliver/
Others
Finally Falling
63.6%
Tori Vega/
Andre Harris
Tell Me That You Love Me
62.9%
Tori Vega
Beggin' on Your Knees
61.4%
Cat Valentine/
Jade West
Give it Up
60.6%
Tori Vega
You're the Reason
57%
Tori, Cat, Jade, Andre, Robbie,Trina, Beck/
Carly, Sam, Freddie, Spencer, Gibby
Leave it All to Shine
44%
Singer
Song
% Correct
Trina Vega
Chicago
43%
Tori Vega/
Cat Valentine/
Andre Harris
Best Friends Brother
40.8%
The Didlybops
Favorite Foods
37.6%
Haley and Tara
Number One
30.7%
Robbie and Rex
Forever Baby
27.1%
Andre Harris/
Tori Vega
Song for You
11.3%
Haley and Tara
Hate Me Love Me
8.1%
Quiz Playlist
Details
Report
Send in Message
Add To Playlist
Classic:
Type in answers that appear in a list
Last Updated: Dec 18, 2018
Quiz Scoreboard
CHALLENGE
Sign Up to Join the Scoreboard
Show All
Scores
Hide
Comments
May contain spoilers
Recently Published
Decade Duel: World Leaders
by jenniferyan
History
4m
Alphabetical 'K' Countries by Flag Minefield
by ylime102
Geography
3m
Pick 6: Fruits
by JohnFran
Miscellaneous
15s
More to Explore
Quiz From the Vault
Featured Blog Post
15 Basketball Trivia Facts You Can Be March Mad About
hide this ad
You Might Also Like...
Tags
Nickelodeon
Victorious
Today's Top Quizzes in Television
Browse Television
hide this ad
Today's Top Quizzes in Nickelodeon
Browse Nickelodeon
Top Contributed Quizzes in Television
1
Hidden Simpsons Character
2
First Name TV: Leading Men
3
Hidden Simpsons Character XXIV
4
Hidden Simpsons Character II
5
First Name TV: Leading Women Drama
6
Hidden Simpsons Character III
7
Hidden Simpsons Character XXV
8
Hidden Simpsons Character XXVI
9
Pick A Pair: Religious TV
10
One Piece Logic Puzzle
Explore More
Trending Topics
Kpop
Disney
Marvel
Anime
Harry Potter
Crossword
NBA
Soccer
The Office
Country
WWE
Puzzle
Song
Pokémon
NFL
hide this ad
More By:
DDK
Quiz
Plays
Rating
Category
Featured
Created
Fun Spongebob Trivia
1,591
1.00
Television
Jun 13, 2010
Victorious Songs
1,477
Television
Nov 16, 2010
Harry Potter Relationship Game
849
1.50
Movies
Jun 13, 2011
Shortest Bible Verse
844
3.82
Religion
Nov 9, 2010
Harry Potter Ultimate Chain Game
734
2.00
Movies
Jan 19, 2011
Go to Creator's Profile
Score Distribution
Quiz Creator Spotlight
DDK
Follow
Send a Message
Quizzes Created
-
Created Quiz Play Count
-
More By This Creator
Popular Quizzes Today
1
Countries of Asia Without Outlines Minefield
2
Find the US States - No Outlines Minefield
3
Pick 6: Fruits
4
Alphabetical 'K' Countries by Flag Minefield
5
The Countries of the World
6
Find the Countries of Europe - No Outlines Minefield
7
Find the US States
8
US States
More Television Quizzes
Speed TV: Trios 14
Quiz Lab
Trending Quizzes
Pick 6: Mountains
Pick 6: Harry Potter
Pick 6: Flags
Pick 6: NFL Teams
Pick 6: Movie Franchises
Recently Updated
Adaptations: Name the Title
pecheneg
NWSL Teams
pecheneg
Women's Final Four Teams by Year
bhenderson79
Presidents Quartet II
eogle
Anything But Clue(do)
eogle
Anything But Oceanian Capitals
eogle
Anything But 7
eogle
Anything But Thing
eogle
Word Ladder: February 29
pecheneg
Song Title Questions
pecheneg
Trending Topics
NBA
Crossword
Anime
Harry Potter
Disney
Kpop
Marvel
Song
Pokémon
Puzzle
WWE
Country
NFL
Soccer
The Office
Your Account Isn't Verified!
In order to create a playlist on Sporcle, you need to verify the email address you used during registration. Go to your
Sporcle Settings
to finish the process.
Report this User
Report this user for behavior that violates our
Community Guidelines
.
Details:
Send Report
Go to the Sporcle.com Mobile Site →
Comments